[Event "The Masters Cafe "]
[Site "SchemingMind.com"]
[Date "2009.08.27"]
[Round "-"]
[White "Girkassa"]
[Black "shaykins"]
[Result "0-1"]
[WhiteCountry "NOR"]
[BlackCountry "ISR"]
[WhiteElo "2246"]
[WhiteRD "84"]
[BlackElo "2294"]
[BlackRD "79"]
[GameID "217633"]

1. d4 d5 2. c4 c6 3. Nc3 Nf6 4. e3 e6 5. Nf3 Bb4 6. Bd3 Ne4 7. O-O f5 8. cxd5 exd5 9. Ne5 O-O 10. Nxe4 fxe4
11. Bxe4 Bd6 12. Bc2 Nd7 13. f4 Nf6 14. Qf3 Be6 15. f5 Bc8 16. Bd2 Bxe5 17. dxe5 Ne4 18. Bxe4 dxe4 19. Qxe4 Qxd2 20. e6 Qd6
21. Rad1 Qe7 22. Rf4 a5 23. Qe5 Ra6 24. Qd6 Qxd6 25. Rxd6 Re8 26. g4 Rb6 27. b3 Kf8 28. g5 Ke7 29. Rd3 Rf8 30. Rdd4 Rb5
31. e4 g6 32. Rh4 gxf5 33. Rxh7+ Kxe6 34. h4 Ke5 35. Rd2 fxe4 36. g6 Rd5 37. Rg2 Rd1+ 38. Kh2 Rff1 39. Rg5+ Kd4 40. g7 Rh1+
41. Kg3 Ke3 42. g8=R Rdg1#
0-1

[Event "The Masters Cafe "]
[Site "SchemingMind.com"]
[Date "2009.08.30"]
[Round "-"]
[White "dvaldez"]
[Black "joopsim"]
[Result "0-1"]
[WhiteCountry "CAN"]
[BlackCountry "NED"]
[WhiteElo "1986"]
[WhiteRD "74"]
[BlackElo "2398"]
[BlackRD "76"]
[GameID "217996"]

1. e4 e5 2. Nf3 Nc6 3. Bb5 a6 4. Ba4 Nf6 5. O-O Be7 6. Re1 b5 7. Bb3 O-O 8. c3 d5 9. exd5 Nxd5 10. Nxe5 Nxe5
11. Rxe5 c6 12. d3 Bd6 13. Re1 Qh4 14. g3 Qh3 15. Re4 Qf5 16. Nd2 Qg6 17. Nf1 f5 18. Rd4 f4 19. Rxd5 cxd5 20. Bxd5+ Be6
21. Bxa8 Rxa8 22. Bxf4 Bxf4 23. Qf3 Rf8 24. Ne3 Bxe3 25. Qxe3 Bd7 26. Rd1 h6 27. d4 Re8 28. Qf4 Bh3 29. Qd2 Qe4 30. f4 Qf3
0-1

[Event "The Masters Cafe "]
[Site "SchemingMind.com"]
[Date "2009.09.03"]
[Round "-"]
[White "dvaldez"]
[Black "Darko"]
[Result "0-1"]
[WhiteCountry "CAN"]
[BlackCountry "ROU"]
[WhiteElo "1892"]
[WhiteRD "71"]
[BlackElo "2087"]
[BlackRD "75"]
[GameID "217997"]

1. e4 Nf6 2. e5 Nd5 3. d4 d6 4. Nf3 g6 5. Bc4 c6 6. O-O dxe5 7. Nxe5 Bg7 8. Re1 O-O 9. Bb3 a5 10. c3 Bf5
11. Nd2 Nd7 12. Ndf3 Nxe5 13. Nxe5 Qc7 14. a4 Rad8 15. Bc2 Bxc2 16. Qxc2 c5 17. Qe4 cxd4 18. cxd4 Nf6 19. Qh4 Rd5 20. Ra3 Nh5
21. Rc3 Qd6 22. Nf3 Bxd4 23. Rb3 Bf6 24. Qg4 Rd1 25. Bd2 Rxd2 26. Nxd2 Qxd2 27. Qe4 Bd4 28. Qe2 Qxe2 29. Rxe2 Rc8 30. g3 Rc7
31. Rb5 b6 32. Rd5 Bc5 33. Kg2 e6 34. Rd8+ Kg7 35. Rc2 Nf6 36. f3 Nd5 37. Rc1 Rb7 38. Kf1 Be7 39. Re8 Bf6 40. Rcc8 Bxb2
41. g4 Kh6 42. h4 Bd4 43. Red8 Be5 44. Kf2 Nb4 45. Ke3 Nd5+ 46. Ke4 Bg3 47. Rc1 Bxh4 48. Rh1 Kg5 49. Rc8 Rc7 50. Rh8 Rc4+
51. Kd3 Rc3+ 52. Kd2 Rxf3 53. Rxh7 Bg3 54. Ke2 Kxg4 55. Rg1 f5 56. Rh6 g5 57. Kd2 Re3 58. Rh8 Kf3 59. Rg8 Bf4 60. Kc2 g4
0-1

[Event "The Masters Cafe "]
[Site "SchemingMind.com"]
[Date "2009.09.04"]
[Round "-"]
[White "dvaldez"]
[Black "mi_di"]
[Result "0-1"]
[WhiteCountry "CAN"]
[BlackCountry "MEX"]
[WhiteElo "1892"]
[WhiteRD "71"]
[BlackElo "2273"]
[BlackRD "76"]
[GameID "217998"]

1. e4 e5 2. Nf3 Nf6 3. Nxe5 d6 4. Nf3 Nxe4 5. d4 d5 6. Bd3 Bd6 7. O-O O-O 8. c4 c6 9. Nc3 Nxc3 10. bxc3 dxc4
11. Bxc4 Bg4 12. Qd3 Nd7 13. h3 Bh5 14. Bg5 Nf6 15. Rfe1 Qa5 16. Ne5 Nd5 17. Bb3 Qxc3 18. Bxd5 Qxd3 19. Bxf7+ Bxf7 20. Nxd3 Rfe8
21. a4 a5 22. Ne5 Bd5 23. Nd7 Bb4 24. Re3 Rxe3 25. fxe3 Re8 26. Ne5 b5 27. Nd3 Bc3 28. Rc1 Bd2 29. Rc5 Rxe3 30. Bxe3 Bxe3+
31. Kf1 Bxd4 32. Rxd5 cxd5 33. axb5 a4 34. Nb4 Kf7 35. Nxd5 Ke6 36. Nb4 Kd6 37. Nc2 Bb2 38. b6 Kc6 39. b7 Kxb7 40. Ke2 a3
41. Nb4 Kb6 42. Kd3 Kb5 43. Na2 g5 44. g3 h5 45. g4 h4 46. Kd2 Kc4 47. Kc2 Kd4 48. Kd2 Ke4 49. Ke2 Kf4 50. Kf2 Bd4+
51. Kg2 Ke3 52. Nb4 Kd2 53. Nc6 Kc3
0-1

[Event "The Masters Cafe "]
[Site "SchemingMind.com"]
[Date "2009.09.03"]
[Round "-"]
[White "dvaldez"]
[Black "mapleleaf"]
[Result "1-0"]
[WhiteCountry "CAN"]
[BlackCountry "CAN"]
[WhiteElo "1993"]
[WhiteRD "72"]
[BlackElo "2005"]
[BlackRD "89"]
[GameID "217999"]

1. e4 c5 2. Nf3 d6 3. d4 cxd4 4. Nxd4 Nf6 5. Nc3 Nc6 6. Bg5 e6 7. Qd2 a6 8. O-O-O Bd7 9. f4 b5 10. Nxc6 Bxc6
11. Bd3 b4 12. Ne2 Qb6 13. Ng3 Ng4 14. Rdf1 h6 15. Bh4 d5 16. h3 Ne3 17. Re1 Bc5 18. exd5 Bxd5 19. Be4 Nc4 20. Qe2 Be3+
21. Kb1 Na3+ 22. Ka1 Bxe4 23. Nxe4 Bd4 24. Bf2 Rc8 25. Bxd4 Qxd4 26. Rd1
1-0

[Event "The Masters Cafe "]
[Site "SchemingMind.com"]
[Date "2009.09.01"]
[Round "-"]
[White "dvaldez"]
[Black "shaykins"]
[Result "0-1"]
[WhiteCountry "CAN"]
[BlackCountry "ISR"]
[WhiteElo "1993"]
[WhiteRD "72"]
[BlackElo "2294"]
[BlackRD "79"]
[GameID "218000"]

1. e4 c5 2. Nf3 d6 3. d4 cxd4 4. Nxd4 Nf6 5. Nc3 g6 6. Be3 Bg7 7. f3 O-O 8. Qd2 Nc6 9. Bc4 Ne5 10. Bb3 Bd7
11. O-O-O Qa5 12. Kb1 Rfc8 13. h4 Nc4 14. Bxc4 Rxc4 15. Nb3 Qa6 16. g4 Nxg4 17. fxg4 Bxc3 18. bxc3 Bxg4 19. Rdg1 Bf3 20. Rh3 Bxe4
21. h5 Ra4 22. hxg6 fxg6 23. Bh6 Rxa2 24. Qd4 Bxc2+ 25. Kc1 Qa3+ 26. Kd2 Bxb3+ 27. Ke3 e5
0-1

[Event "The Masters Cafe "]
[Site "SchemingMind.com"]
[Date "2009.09.02"]
[Round "-"]
[White "dvaldez"]
[Black "Girkassa"]
[Result "0-1"]
[WhiteCountry "CAN"]
[BlackCountry "NOR"]
[WhiteElo "1928"]
[WhiteRD "71"]
[BlackElo "2253"]
[BlackRD "82"]
[GameID "218001"]

1. e4 e5 2. Nf3 Nc6 3. Bb5 Nf6 4. O-O Nxe4 5. d4 Nd6 6. Bxc6 dxc6 7. dxe5 Nf5 8. Qxd8+ Kxd8 9. Nc3 Ne7 10. h3 h6
11. Rd1+ Ke8 12. Ne4 Ng6 13. a3 Bf5 14. Re1 Rd8 15. Bd2 Be7 16. Bb4 b6 17. Nf6+ Kf8 18. Bxe7+ Kxe7 19. Nh5 Rhg8 20. c3 c5
21. Ng3 Bc8 22. Rad1 Rge8 23. b4 Bb7 24. bxc5 Bxf3 25. gxf3 Nh4 26. Rxd8 Nxf3+ 27. Kf1 Kxd8 28. Rd1+ Kc8 29. cxb6 axb6 30. Nf5 Rxe5
31. Nxg7 Rg5 32. Ne8 Nh2+
0-1

[Event "The Masters Cafe "]
[Site "SchemingMind.com"]
[Date "2009.09.01"]
[Round "-"]
[White "joopsim"]
[Black "dvaldez"]
[Result "1-0"]
[WhiteCountry "NED"]
[BlackCountry "CAN"]
[WhiteElo "2398"]
[WhiteRD "76"]
[BlackElo "1986"]
[BlackRD "74"]
[GameID "218002"]

1. e4 c5 2. Nf3 Nc6 3. d4 cxd4 4. Nxd4 Nf6 5. Nc3 e5 6. Ndb5 d6 7. Bg5 a6 8. Na3 b5 9. Bxf6 gxf6 10. Nd5 f5
11. g3 Bg7 12. Bg2 O-O 13. exf5 Bxf5 14. Ne3 Bd7 15. Qxd6 Rc8 16. O-O-O Nb8 17. Bb7 Rc7 18. Be4 Qc8 19. Nd5
1-0

[Event "The Masters Cafe "]
[Site "SchemingMind.com"]
[Date "2009.09.04"]
[Round "-"]
[White "Darko"]
[Black "dvaldez"]
[Result "1-0"]
[WhiteCountry "ROU"]
[BlackCountry "CAN"]
[WhiteElo "2053"]
[WhiteRD "70"]
[BlackElo "1928"]
[BlackRD "71"]
[GameID "218003"]

1. d4 Nf6 2. c4 c5 3. d5 e6 4. Nf3 exd5 5. cxd5 d6 6. Nc3 g6 7. e4 Bg7 8. h3 a6 9. a4 O-O 10. Bd3 Re8
11. O-O Nbd7 12. Re1 Qe7 13. Bf4 Nh5 14. Bh2 Ne5 15. Be2 Nxf3+ 16. Bxf3 Nf6 17. e5 dxe5 18. Rxe5 Qxe5 19. Bxe5 Rxe5 20. d6 Be6
21. Bxb7 Rb8 22. Bc6 Bd7 23. Qf3 Rf5 24. Qd3 Bxc6 25. Qxa6 Bxg2 26. Kxg2 Rxb2 27. Qc8+ Bf8 28. Rf1 Rd2 29. a5 Rxd6 30. a6 Rd7
31. Nb5 Rg5+ 32. Kh2 Kg7 33. a7 Bd6+ 34. Nxd6 Rxa7 35. Qb8 Rd7 36. Ne8+ Nxe8 37. Qxe8 Rd4 38. Qe3 Rf5 39. Rc1 Rdd5 40. Rc4 Rde5
41. Qd2 Rd5 42. Qb2+ f6 43. Re4 Rd3 44. Qb7+ Kh6 45. Rh4+ Kg5 46. Qg2+
1-0

[Event "The Masters Cafe "]
[Site "SchemingMind.com"]
[Date "2009.09.04"]
[Round "-"]
[White "mi_di"]
[Black "dvaldez"]
[Result "1-0"]
[WhiteCountry "MEX"]
[BlackCountry "CAN"]
[WhiteElo "2244"]
[WhiteRD "74"]
[BlackElo "1928"]
[BlackRD "71"]
[GameID "218004"]

1. e4 c5 2. Nf3 Nc6 3. d4 cxd4 4. Nxd4 Nf6 5. Nc3 e5 6. Ndb5 d6 7. Bg5 a6 8. Na3 b5 9. Nd5 Be7 10. Bxf6 Bxf6
11. c3 O-O 12. Nc2 Bg5 13. a4 Rb8 14. axb5 axb5 15. h4 Bh6 16. Bd3 Be6 17. Be2 f5 18. exf5 Bxf5 19. g4 Bxc2 20. Qxc2 Bf4
21. Qe4 Qd7 22. Ra6 Ne7 23. Nxe7+ Qxe7 24. Bd3 Rf6 25. Qxh7+ Kf8 26. Qh8+
1-0

[Event "The Masters Cafe "]
[Site "SchemingMind.com"]
[Date "2009.09.01"]
[Round "-"]
[White "mapleleaf"]
[Black "dvaldez"]
[Result "1-0"]
[WhiteCountry "CAN"]
[BlackCountry "CAN"]
[WhiteElo "2018"]
[WhiteRD "89"]
[BlackElo "1928"]
[BlackRD "71"]
[GameID "218005"]

1. e4 c5 2. Nf3 Nc6 3. d4 cxd4 4. Nxd4 Nf6 5. Nc3 d6 6. Bg5 e6 7. Qd2 a6 8. O-O-O Bd7 9. f3 Be7 10. Kb1 b5
11. Nxc6 Bxc6 12. h4 Qc7 13. Ne2 h6 14. Be3 Rc8 15. Nd4 Bb7 16. g4 Nd7 17. Be2 Ne5 18. b3 Bf6 19. g5 hxg5 20. hxg5 Rxh1
21. Rxh1 Be7 22. f4 Nc6 23. Bd3 Qa5 24. Rh8+ Kd7 25. Qxa5 Nxa5 26. Rh7 Bf8 27. Ne2 d5 28. exd5 Bxd5 29. Bd4 Nc6 30. Bxg7 Bxg7
31. Rxg7 e5 32. Bf5+ Be6 33. Rxf7+ Kd6 34. Rf6 Re8 35. Kb2 b4 36. c4 bxc3+ 37. Kxc3 exf4 38. Nxf4 Nd8 39. Nxe6 Nxe6 40. Rxe6+
1-0

[Event "The Masters Cafe "]
[Site "SchemingMind.com"]
[Date "2009.09.01"]
[Round "-"]
[White "shaykins"]
[Black "dvaldez"]
[Result "1-0"]
[WhiteCountry "ISR"]
[BlackCountry "CAN"]
[WhiteElo "2294"]
[WhiteRD "79"]
[BlackElo "1993"]
[BlackRD "72"]
[GameID "218006"]

1. e4 c5 2. Nf3 Nc6 3. d4 cxd4 4. Nxd4 Nf6 5. Nc3 d6 6. Bg5 e6 7. Qd2 a6 8. O-O-O Bd7 9. f4 b5 10. Nxc6 Bxc6
11. Qe3 Qc7 12. Bxf6 gxf6 13. Nd5 Bxd5 14. exd5 e5 15. Bd3 Bh6 16. g3 O-O-O 17. Kb1 Rde8 18. a4 exf4 19. Qf3 Re3 20. Qh5 Bg5
21. gxf4 Bxf4 22. Qf5+
1-0

[Event "The Masters Cafe "]
[Site "SchemingMind.com"]
[Date "2009.09.01"]
[Round "-"]
[White "Girkassa"]
[Black "dvaldez"]
[Result "1-0"]
[WhiteCountry "NOR"]
[BlackCountry "CAN"]
[WhiteElo "2221"]
[WhiteRD "80"]
[BlackElo "1909"]
[BlackRD "75"]
[GameID "218007"]

1. d4 Nf6 2. c4 g6 3. Nc3 Bg7 4. e4 d6 5. Nf3 O-O 6. Be2 e5 7. O-O Nc6 8. d5 Ne7 9. b4 Nh5 10. Re1 f5
11. Ng5 Nf6 12. Bf3 c6 13. Bb2 h6 14. Ne6 Bxe6 15. dxe6 Ne8 16. c5 dxc5 17. bxc5 f4 18. Qb3 b5 19. cxb6 Qxb6 20. Red1 Nf6
21. Na4 Qxb3 22. axb3 g5 23. Bxe5 g4 24. Be2 Nxe4 25. Bxg7 Kxg7 26. Bxg4 Nd5 27. Bf3 Ng5 28. Bxd5 cxd5 29. Nc5 Rfe8 30. Ra6 Re7
31. Rxd5 Rae8 32. Rdd6 Nf7 33. Rd4 Nd8 34. h4 Nxe6 35. Nxe6+ Rxe6 36. Rxa7+ Kg6 37. Rxf4 Re1+ 38. Kh2 Rb8 39. Ra6+ Kg7 40. Rg4+ Kh7
41. Ra7+ Kh8 42. Rc4 Rb1 43. Rc6 R1xb3 44. Rxh6+ Kg8 45. Rha6 Rb2 46. Ra8 Kg7 47. Rxb8 Rxb8 48. g4 Rb3 49. g5
1-0

[Event "The Masters Cafe "]
[Site "SchemingMind.com"]
[Date "2009.09.02"]
[Round "-"]
[White "Chess_Man01"]
[Black "dvaldez"]
[Result "1-0"]
[WhiteCountry "GBR"]
[BlackCountry "CAN"]
[WhiteElo "2314"]
[WhiteRD "68"]
[BlackElo "1993"]
[BlackRD "72"]
[GameID "218245"]

1. d4 Nf6 2. c4 c5 3. d5 e6 4. Nf3 exd5 5. cxd5 d6 6. Nc3 g6 7. e4 Bg7 8. h3 O-O 9. Bd3 a6 10. a4 Re8
11. O-O Nbd7 12. Bf4 Qc7 13. Re1 Nh5 14. Bh2 Rb8 15. Be2 c4 16. Nd2 Ne5 17. a5 b5 18. axb6 Rxb6 19. Bxe5 Rxe5 20. Nxc4 Rxb2
21. Nxb2 Qxc3 22. Rc1 Qxb2 23. Rxc8+ Bf8 24. Bxh5 Rxh5 25. Qb1 Qd2 26. Re3 Kg7 27. Qb8 Be7 28. Rg8+ Kh6 29. Qe8 Bf6 30. Qf8+ Kg5
31. Rg3+ Kf4 32. Qxd6+
1-0

[Event "The Masters Cafe "]
[Site "SchemingMind.com"]
[Date "2009.09.01"]
[Round "-"]
[White "Chess_Man01"]
[Black "joopsim"]
[Result "1/2-1/2"]
[WhiteCountry "GBR"]
[BlackCountry "NED"]
[WhiteElo "2163"]
[WhiteRD "76"]
[BlackElo "2398"]
[BlackRD "76"]
[GameID "218246"]

1. d4 d5 2. c4 c6 3. Nf3 Nf6 4. Nc3 e6 5. e3 Nbd7 6. Bd3 dxc4 7. Bxc4 b5 8. Bd3 a6 9. e4 c5 10. e5 cxd4
11. Nxb5 axb5 12. exf6 gxf6 13. O-O Qb6 14. Qe2 b4 15. Rd1 Bc5 16. Bf4 h5 17. Rac1 Kf8 18. Bb5 Kg7 19. Nd2= e5 20. Ne4 Be7
21. Ng3 Nc5 22. Bxe5 fxe5 23. Qxe5+ Qf6 24. Rxc5 Rxa2 25. Qxf6+ Bxf6 26. Rb1 Ra5 27. Nxh5+ Rxh5 28. Rxh5 Bg4 29. Rd5 Be6 30. Rh5 Bg4=
1/2-1/2

[Event "The Masters Cafe "]
[Site "SchemingMind.com"]
[Date "2009.09.03"]
[Round "-"]
[White "Chess_Man01"]
[Black "Darko"]
[Result "1-0"]
[WhiteCountry "GBR"]
[BlackCountry "ROU"]
[WhiteElo "2250"]
[WhiteRD "71"]
[BlackElo "2039"]
[BlackRD "72"]
[GameID "218247"]

1. d4 Nf6 2. c4 e6 3. Nc3 d5 4. Nf3 c6 5. e3 Nbd7 6. Bd3 dxc4 7. Bxc4 b5 8. Bd3 Bb7 9. O-O b4 10. Ne4 Nxe4
11. Bxe4 Bd6 12. Qc2 Rc8 13. Rd1 Nf6 14. Bd3 c5 15. Bb5+ Bc6 16. Bxc6+ Rxc6 17. e4 Bb8 18. Bg5 Qd7 19. Ne5
1-0

[Event "The Masters Cafe "]
[Site "SchemingMind.com"]
[Date "2009.09.05"]
[Round "-"]
[White "Chess_Man01"]
[Black "mi_di"]
[Result "1/2-1/2"]
[WhiteCountry "GBR"]
[BlackCountry "MEX"]
[WhiteElo "2327"]
[WhiteRD "70"]
[BlackElo "2244"]
[BlackRD "74"]
[GameID "218248"]

1. d4 d5 2. c4 c6 3. Nf3 Nf6 4. Nc3 a6 5. e3 b5 6. b3 Bg4 7. Be2 Nbd7 8. O-O e6 9. h3 Bf5 10. Bd3 Bxd3
11. Qxd3 Be7 12. Bb2 O-O 13. Rfc1 b4 14. Na4 Qb8 15. Ne1 Ne4 16. Qc2 Bd6 17. Nd3 a5 18. f3 Ng3 19. Re1 f5 20. a3 Re8
21. cxd5 cxd5 22. Qc6 Nf6 23. Nac5 bxa3 24. Bxa3 Qc7 25. Qxc7 Bxc7 26. Bc1 Kf7 27. Kf2 Rec8 28. Bd2 g5 29. Ra4 Nfh5 30. Rea1 f4
31. exf4 Nxf4 32. b4 Nge2 33. bxa5 Ra7 34. Nxf4 Nxf4 35. a6 Bd6 36. Nb7 Be7 37. Kf1 Rc6 38. h4 h6 39. hxg5 hxg5 40. g3 Nh5
41. g4 Nf4 42. R1a2 Ke8 43. Kf2 Kd7 44. Ra1 Kc7 45. Bxf4+ gxf4 46. R1a2 Kd7 47. Kf1 Rc1+ 48. Ke2=
1/2-1/2

[Event "The Masters Cafe "]
[Site "SchemingMind.com"]
[Date "2009.09.03"]
[Round "-"]
[White "Chess_Man01"]
[Black "mapleleaf"]
[Result "1-0"]
[WhiteCountry "GBR"]
[BlackCountry "CAN"]
[WhiteElo "2250"]
[WhiteRD "71"]
[BlackElo "2075"]
[BlackRD "96"]
[GameID "218249"]

1. d4 Nf6 2. c4 g6 3. Nc3 Bg7 4. e4 d6 5. Nf3 O-O 6. Be2 e5 7. O-O Nc6 8. d5 Ne7 9. b4 h6 10. c5 Ne8
11. Be3 f5 12. Qb3 f4 13. Bd2 g5 14. h3 Ng6 15. Rfc1 Rf7 16. c6 b6 17. Nh2 Nf6 18. Qd1 Nh4 19. a4 a6 20. Rcb1 Bf8
21. g3 Rg7 22. gxh4 gxh4+ 23. Kh1 Bxh3 24. Bf3 h5 25. Qe2 Ng4 26. Rg1 Qc8 27. Be1 Be7 28. Qd3 Kh8 29. Bd1 Qg8 30. Qxh3
1-0

[Event "The Masters Cafe "]
[Site "SchemingMind.com"]
[Date "2009.09.02"]
[Round "-"]
[White "Chess_Man01"]
[Black "shaykins"]
[Result "1-0"]
[WhiteCountry "GBR"]
[BlackCountry "ISR"]
[WhiteElo "2314"]
[WhiteRD "68"]
[BlackElo "2294"]
[BlackRD "79"]
[GameID "218250"]

1. c4 c6 2. e4 d5 3. exd5 cxd5 4. d4 Nf6 5. Nc3 Nc6 6. Bg5 dxc4 7. Bxc4 Qxd4 8. Qxd4 Nxd4 9. O-O-O e5 10. f4 Bg4
11. Nf3 Bxf3 12. gxf3 Rc8 13. fxe5 Rxc4 14. exf6 Ne6 15. Rhe1 g6 16. Kb1 Rc6 17. Ne4 Bc5 18. Bh6 b6 19. Rd5 Rc7 20. Red1 Rg8
21. a3 a5 22. Nxc5 bxc5 23. Rd6 Rc8 24. Ra6 g5 25. Ra7 Nc7 26. f4
1-0

[Event "The Masters Cafe "]
[Site "SchemingMind.com"]
[Date "2009.09.02"]
[Round "-"]
[White "Chess_Man01"]
[Black "Girkassa"]
[Result "1-0"]
[WhiteCountry "GBR"]
[BlackCountry "NOR"]
[WhiteElo "2314"]
[WhiteRD "68"]
[BlackElo "2246"]
[BlackRD "84"]
[GameID "218251"]

1. c4 Nf6 2. d4 e6 3. Nc3 Bb4 4. f3 d5 5. a3 Bxc3+ 6. bxc3 c5 7. cxd5 Nxd5 8. dxc5 Qa5 9. e4 Nf6 10. Be3 O-O
11. Qb3 Nfd7 12. a4 Qc7 13. Qa3 b6 14. a5 bxc5 15. Nh3 Ba6 16. Bxa6 Nxa6 17. Qa4 Ne5 18. O-O Qc6 19. Nf2 Rfd8 20. f4 Qxa4
21. Rxa4 Nc6 22. e5 Rab8 23. Ne4 Rd3 24. Bf2 Rb5 25. g3 h6 26. Ra2 g5 27. Kg2 Kg7 28. Rh1 gxf4 29. gxf4 Ne7 30. Rf1 Nd5
31. c4 Nxf4+ 32. Kh1 Rb4 33. Nxc5 Nxc5 34. Bxc5 Rxc4 35. Bxa7 Nd5 36. a6 Rc8 37. Bg1 Rb3 38. a7 Ra8 39. Rg2+
1-0

[Event "The Masters Cafe "]
[Site "SchemingMind.com"]
[Date "2009.09.02"]
[Round "-"]
[White "dvaldez"]
[Black "Chess_Man01"]
[Result "0-1"]
[WhiteCountry "CAN"]
[BlackCountry "GBR"]
[WhiteElo "1989"]
[WhiteRD "75"]
[BlackElo "2250"]
[BlackRD "71"]
[GameID "218252"]

1. e4 c5 2. Nf3 d6 3. d4 cxd4 4. Nxd4 Nf6 5. Nc3 a6 6. Be3 e6 7. f3 b5 8. g4 h6 9. Qd2 Nbd7 10. O-O-O Bb7
11. h4 b4 12. Na4 Qa5 13. b3 Nc5 14. a3 Rc8 15. Qxb4 Qc7 16. Nxc5 dxc5 17. Qa4+ Nd7 18. Ne2 c4 19. b4 Bc6 20. Qxa6 Ra8
21. Qxc4 Rxa3 22. Rd3 Ne5
0-1

[Event "The Masters Cafe "]
[Site "SchemingMind.com"]
[Date "2009.09.01"]
[Round "-"]
[White "joopsim"]
[Black "Chess_Man01"]
[Result "1/2-1/2"]
[WhiteCountry "NED"]
[BlackCountry "GBR"]
[WhiteElo "2393"]
[WhiteRD "78"]
[BlackElo "2250"]
[BlackRD "71"]
[GameID "218253"]

1. e4 d5 2. exd5 Nf6 3. d4 Bg4 4. Bb5+ Nbd7 5. Be2 Bxe2 6. Nxe2 Nxd5 7. c4 N5f6 8. O-O c6 9. Nbc3 e6 10. Bf4 Be7
11. d5 cxd5 12. cxd5 e5 13. Bg5 Nb6 14. Bxf6 Bxf6 15. Qd3 O-O 16. d6 Qd7 17. Ne4 Qe6 18. f4 Bd8= 19. f5 Qc4 20. Qf3 f6
21. b3 Qf7 22. Kh1 Nd7 23. Rac1 Bb6 24. N2c3 Rac8 25. g4 Rc6 26. Na4 Rfc8= 27. Rxc6 bxc6 28. Nxb6 axb6 29. a4 c5 30. h4 Rf8
31. g5 Kh8 32. Kh2 Kg8 33. h5 fxg5 34. Nxg5 Qf6 35. Ne6 Rf7= 36. Qa8+ Nf8 37. Kh3 h6 38. Rf2 Rd7 39. Qd5 Kh7 40. Kg3 Rf7
41. Rf3 Kh8 42. Kg2=
1/2-1/2

[Event "The Masters Cafe "]
[Site "SchemingMind.com"]
[Date "2009.09.03"]
[Round "-"]
[White "Darko"]
[Black "Chess_Man01"]
[Result "1/2-1/2"]
[WhiteCountry "ROU"]
[BlackCountry "GBR"]
[WhiteElo "2039"]
[WhiteRD "72"]
[BlackElo "2250"]
[BlackRD "71"]
[GameID "218254"]

1. e4 c5 2. Nf3 d6 3. d4 cxd4 4. Nxd4 Nf6 5. Nc3 a6 6. Be3 e6 7. f3 b5 8. g4 h6 9. Qd2 Nbd7 10. O-O-O Bb7
11. h4 b4 12. Na4 Qa5 13. b3 Nc5 14. a3 Rc8 15. axb4 Nxb3+ 16. Nxb3 Qxa4 17. Kb2 d5 18. c3 dxe4 19. Ra1 Qd7 20. Qxd7+ Kxd7
21. Rd1+ Kc7 22. Bf4+ Kb6 23. Be3+ Kc7 24. Bf4+ Kb6 25. Be3+ Kc7
1/2-1/2

[Event "The Masters Cafe "]
[Site "SchemingMind.com"]
[Date "2009.09.05"]
[Round "-"]
[White "mi_di"]
[Black "Chess_Man01"]
[Result "1/2-1/2"]
[WhiteCountry "MEX"]
[BlackCountry "GBR"]
[WhiteElo "2208"]
[WhiteRD "80"]
[BlackElo "2314"]
[BlackRD "68"]
[GameID "218255"]

1. e4 c5 2. Nf3 d6 3. d4 cxd4 4. Nxd4 Nf6 5. Nc3 a6 6. f3 e6 7. Be3 b5 8. Qd2 Nbd7 9. g4 h6 10. O-O-O Bb7
11. h4 b4 12. Na4 Qa5 13. b3 Nc5 14. a3 Rc8 15. Qxb4 Qc7 16. Kb1 Nfd7 17. Nb2 d5 18. Qd2 dxe4 19. f4 Nf6 20. Be2 Nd5
21. Nc4 Nxe3 22. Qxe3 Bd5= 23. Rhf1 Na4 24. f5 e5 25. f6 gxf6 26. Nf5 Bxc4 27. Bxc4 Nb6 28. Qxe4 Nxc4 29. bxc4 Qxc4 30. Qxc4 Rxc4
31. Rd6 h5 32. Rxa6 hxg4 33. Ra8+ Kd7 34. Rd1+ Ke6 35. Rxf8=
1/2-1/2

[Event "The Masters Cafe "]
[Site "SchemingMind.com"]
[Date "2009.09.03"]
[Round "-"]
[White "mapleleaf"]
[Black "Chess_Man01"]
[Result "0-1"]
[WhiteCountry "CAN"]
[BlackCountry "GBR"]
[WhiteElo "2075"]
[WhiteRD "96"]
[BlackElo "2250"]
[BlackRD "71"]
[GameID "218256"]

1. d4 d5 2. c4 c6 3. Nc3 Nf6 4. e3 e6 5. Nf3 Nbd7 6. Qc2 Bd6 7. Bd3 O-O 8. O-O dxc4 9. Bxc4 a6 10. Rd1 b5
11. Be2 Qc7 12. e4 e5 13. g3 Re8 14. a3 exd4 15. Nxd4 Be5 16. Be3 c5 17. Nf5 Nb6 18. Nh4 Bxc3 19. bxc3 Nxe4 20. Bf4 Qe7
21. Bf3 f5 22. Ng2 Bb7 23. Bxe4 Bxe4 24. Qa2+ c4 25. Bd6 Qb7 26. Nf4 g5 27. Nh5 Qf7 28. Qe2 Bd3 29. Qf3 Be2
0-1

[Event "The Masters Cafe "]
[Site "SchemingMind.com"]
[Date "2009.09.02"]
[Round "-"]
[White "shaykins"]
[Black "Chess_Man01"]
[Result "0-1"]
[WhiteCountry "ISR"]
[BlackCountry "GBR"]
[WhiteElo "2294"]
[WhiteRD "79"]
[BlackElo "2314"]
[BlackRD "68"]
[GameID "218257"]

1. e4 d5 2. exd5 Nf6 3. d4 Bg4 4. f3 Bf5 5. g4 Bg6 6. c4 e6 7. Qb3 c5 8. Qxb7 Nbd7 9. dxe6 fxe6 10. g5 Nh5
11. d5 Rb8 12. Qxa7 exd5 13. Nc3 Bd6 14. Nxd5 O-O 15. Be2 Qe8 16. Qa3 Nb6 17. Qe3 Qf7 18. Qd2 Kh8 19. Nxb6 Rxb6 20. a4 Bf4
21. Qd1 Rd6 22. Qb3 Qe7 23. Nh3 Rd3 24. Qb6 Rxf3
0-1

[Event "The Masters Cafe "]
[Site "SchemingMind.com"]
[Date "2009.09.02"]
[Round "-"]
[White "Girkassa"]
[Black "Chess_Man01"]
[Result "0-1"]
[WhiteCountry "NOR"]
[BlackCountry "GBR"]
[WhiteElo "2246"]
[WhiteRD "84"]
[BlackElo "2314"]
[BlackRD "68"]
[GameID "218258"]

1. e4 d5 2. exd5 Nf6 3. d4 Bg4 4. Bb5+ Nbd7 5. f3 Bf5 6. c4 a6 7. Ba4 b5 8. cxb5 axb5 9. Bxb5 Nxd5 10. Bd3 Bxd3
11. Qxd3 Nb4 12. Qc4 e6 13. Ne2 Nb6 14. Qc3 N6d5 15. Qb3 Qh4+ 16. g3 Qh3 17. Kf2 Be7 18. Nd2 c5 19. Qc4 O-O 20. Nb3 cxd4
21. Nexd4 e5 22. Nc6 Nxc6 23. Qxd5 Nb4 24. Qe4 Rac8 25. Bd2 Rc2 26. a3 Bc5+ 27. Ke1 Qg2 28. Rf1 Rd8 29. Qe2 Nd3+ 30. Kd1 Nxb2+
31. Ke1 Qh3 32. Qe4 Rcxd2 33. Nxd2 Qxh2 34. Qc2 Be3
0-1

[Event "The Masters Cafe "]
[Site "SchemingMind.com"]
[Date "2009.09.08"]
[Round "-"]
[White "Aadsje"]
[Black "dvaldez"]
[Result "0-1"]
[WhiteCountry "NED"]
[BlackCountry "CAN"]
[WhiteElo "1833"]
[WhiteRD "60"]
[BlackElo "1993"]
[BlackRD "72"]
[GameID "218885"]

1. e4 c5 2. Nf3 Nc6 3. d4 cxd4 4. Nxd4 Nf6 5. Nc3 d6 6. Bg5 e6 7. Qd2 a6 8. O-O-O Bd7 9. f3 Be7 10. h4 h6
11. Nxc6 Bxc6 12. Bf4 e5 13. Be3 Qa5 14. Qf2 Nd7 15. Qg3 g6
0-1

[Event "The Masters Cafe "]
[Site "SchemingMind.com"]
[Date "2009.09.07"]
[Round "-"]
[White "Aadsje"]
[Black "joopsim"]
[Result "0-1"]
[WhiteCountry "NED"]
[BlackCountry "NED"]
[WhiteElo "2165"]
[WhiteRD "69"]
[BlackElo "2398"]
[BlackRD "76"]
[GameID "218886"]

1. e4 e5 2. Nf3 Nc6 3. d4 exd4 4. Nxd4 Nf6 5. Nxc6 bxc6 6. e5 Nd5 7. Bd3 d6 8. exd6 Bxd6 9. O-O O-O 10. Qh5 g6
11. Qh6 Be5 12. Na3 Bg7 13. Qd2 Re8 14. c3 h6 15. Rd1 Qf6 16. Nc2 Bd7 17. f3 Rad8 18. a4 Bf5 19. Bxf5 Ne3 20. Qxd8 Rxd8
0-1

[Event "The Masters Cafe "]
[Site "SchemingMind.com"]
[Date "2009.09.08"]
[Round "-"]
[White "Aadsje"]
[Black "Darko"]
[Result "0-1"]
[WhiteCountry "NED"]
[BlackCountry "ROU"]
[WhiteElo "1876"]
[WhiteRD "56"]
[BlackElo "2039"]
[BlackRD "72"]
[GameID "218887"]

1. e4 c5 2. Nf3 d6 3. d4 cxd4 4. Nxd4 Nf6 5. Nc3 a6 6. Bg5 e6 7. Be2 Be7 8. f4 h6 9. Bxf6 Bxf6 10. Qd2 Qb6
11. O-O-O Be7 12. h4 Nc6 13. Nxc6 bxc6
0-1